| 000 | 01152nam a2200337 a 4500 | ||
|---|---|---|---|
| 999 |
_c63948 _d63948 |
||
| 001 | 45203276 | ||
| 003 | CO-MdFUSB | ||
| 005 | 20180622072747.0 | ||
| 008 | 001020t19991998maua g 001 0 eng d | ||
| 020 | _a0674930479 (pbk.) | ||
| 040 |
_aW9M _cCO-MdFUSB _dCO-MdFUSB _bspa _erda |
||
| 041 | _aeng | ||
| 082 |
_224 _aG 171.8 _bSO677u |
||
| 100 | 1 |
_aSober, Elliott. _eautor |
|
| 245 | 1 | 0 |
_aUnto others _b: the evolution and psychology of unselfish behavior _c/ Elliott Sober y David Sloan Wilson |
| 250 | _aFirst Harvard University Press paperback edition. | ||
| 264 | 1 |
_aCambridge, Mass. : _bHarvard University Press, _c℗1999 |
|
| 264 | 4 | _c©1998 | |
| 300 |
_a394 páginas : _bilustraciones ; _c24 cm. |
||
| 336 |
_a1 _ba1 _2rdacontent. |
||
| 337 |
_a2 _b5 _2rdamedia. |
||
| 338 |
_a2 _b5 _2rdacarrier. |
||
| 501 | _aIncluye índice (p. 387- 394) | ||
| 504 | _aBibliografía (p. 363- 386) | ||
| 505 | _aParte I: Altruismo Evolutivo -- Parte II: Altruismo Psicológico | ||
| 650 | 7 |
_aIdentidad (Psicología) _9299 |
|
| 653 | _aAltruismo -- sistemas éticos | ||
| 700 | 1 | _aWilson, David Sloan. | |
| 942 | _cBK | ||